| 000 | 00437nam a2200169Ia 4500 | ||
|---|---|---|---|
| 003 | OSt | ||
| 005 | 20230523145444.0 | ||
| 008 | 211028s2019 xx 000 0 und d | ||
| 040 | _cAIMIT LIBRARY | ||
| 041 | _aeng | ||
| 100 |
_aYahiya, Misrina;Vanitha T. _98855 |
||
| 110 |
_aRuban S _98856 |
||
| 245 | _aAutomated cafeteria system. | ||
| 260 |
_aMangalore _c2019 |
||
| 710 |
_aRobosoft Technologies Pvt Ltd _98857 |
||
| 942 |
_2ddc _cPRO |
||
| 999 |
_c220093 _d220093 |
||